| 000 | 00338cam a2200121ua 4500 | ||
|---|---|---|---|
| 082 |
_a620. _bMCN/EN |
||
| 100 |
_aMcNeese, Donald C . _91566 |
||
| 100 |
_aHoag, Albert L . _91567 |
||
| 245 | _aEngineering and Technical Handbook / | ||
| 260 |
_aMumbai : _bD B Taraporevala sons & Co. Pvt. Ltd. , _c1981. |
||
| 300 | _a376 ; . | ||
| 942 | _cREF | ||
| 999 |
_c7033 _d7033 |
||